ბათუმის შოთა რუსთაველის სახელმწიფო უნივერსიტეტის ბიბლიოთეკა

ჰაირი ჰაირიოღლუ (ვახტანგ მალაყმაძე) : (ბიბ.ჩანაწერი № 63715)

000 -ლიდერი
ფიქსირებული სიგრძის საკონტროლო ველი 02055nam a22002537a 4500
003 - საკონტროლო ნომრის იდენტიფიკატორი
საკონტროლო ველი Ge_BSU
005 - ბოლო ოპერაციის თარიღი და დრო
საკონტროლო ველი 20251212204042.0
008 - ფიქსირებული სიგრძის მონაცემთა ელემენტები - ზოგადი ინფორმაცია
ფიქსირებული სიგრძის საკონტროლო ველი 251212s2023 ge ||||| |||| 00| 0 geo d
020 ## - წიგნის საერთაშორისო სტანდარტული ნომერი
International Standard Book Number 9789941986642
041 ## - ენის კოდი
Language code of text/sound track or separate title geo
080 ## - უნივერსალური ათობითი კლასიფიკაციის ინდექსი
Universal Decimal Classification number 94(=353.1)(560) გ-97
100 ## - მთავარი ჩანაწერი - პიროვნების სახელი
Personal name გუჯეჯიანი, როზეტა
9 (RLIN) 5617
245 ## - ცნობა სათაურის შესახებ
Title ჰაირი ჰაირიოღლუ (ვახტანგ მალაყმაძე) :
Remainder of title [მონოგრაფია] = Hayri Hayrioglu (Vakhtang Malakmadze) : [Monograph] = Hayri Hayrioğlu (Vahtang Malakmadze) /
Statement of responsibility, etc როზეტა გუჯეჯიანი, გიორგი ირემაძე, მირიან ხოსიტაშვილი; რედაქტორი გურამ ლორთქიფანიძე; საქართველოს პარლამენტის ეროვნული ბიბლიოთეკა, სტამბოლის ქართული ხელოვნების სახლი.
264 ## - წარმოების, გამოცემის, დისტრიბუციის და სხვა ცნობები
გამოცემის, წარმოების, დისტრიბუციის... ადგილი თბილისი :
გამოცემის, წარმოების, დისტრიბუციის... სახელწოდება საქართველოს პარლამენტის ეროვნული ბიბლიოთეკა,
გამოცემის, წარმოების, დისტრიბუციის... თარიღი 2023.
300 ## - ფიზიკური აღწერა
Extent 208 გვ. :
Other physical details ფოტ. ;
Dimensions 23 სმ.
653 ## - INDEX TERM--UNCONTROLLED
Uncontrolled term ჰაირიოღლუ, ჰაირი, 1936-2003.
653 ## - INDEX TERM--UNCONTROLLED
Uncontrolled term ქართველები თურქეთში
653 ## - INDEX TERM--UNCONTROLLED
Uncontrolled term ქართველები უცხოეთში -- თურქეთი
700 ## - ADDED ENTRY--PERSONAL NAME
Personal name ირემაძე, გიორგი
Relator term ავტორი
9 (RLIN) 26497
700 ## - ADDED ENTRY--PERSONAL NAME
Personal name ხოსიტაშვილი, მირიან
Relator term ავტორი
9 (RLIN) 26498
700 ## - ADDED ENTRY--PERSONAL NAME
Personal name ლორთქიფანიძე, გურამ
Relator term რედაქტორი
9 (RLIN) 26499
710 ## - ADDED ENTRY--CORPORATE NAME
Corporate name or jurisdiction name as entry element საქართველოს პარლამენტის ეროვნული ბიბლიოთეკა
Subordinate unit სტამბოლის ქართული ხელოვნების სახლი
9 (RLIN) 26500
942 ## - ADDED ENTRY ELEMENTS (KOHA)
Source of classification or shelving scheme
Koha item type წიგნი
ეგზემპლარები
ჩამოწერის სტატუსი დაკარგული ეგზემპლარის სტატუსი კლასიფიკაციის წყარო ან თაროზე გაწყობის სქემა დაზიანების სტატუსი არ გაიცემა მუდმივი მდებარეობა (დაცვის ადგილი) ამჟამინდელი ადგილსამყოფელი თაროზე განთავსების ადგილი შეძენის თარიღი ღირებულება, შესყიდვის ნორმალური ფასი სრული შენახვის შიფრი შტრიხკოდი ბოლო ოპერაციის თარიღი ეგზემპლარის მიმდევრობითი ნომერი (კეტერი?) Uniform Resource Identifier ფასის ძალაში შესვლის თარიღი ეგზემპლარის სახეობა საჯარო შენიშვნა
          ბათუმის შოთა რუსთაველის სახელმწიფო უნივერსიტეტის მთავარი ბიბლიოთეკა ბათუმის შოთა რუსთაველის სახელმწიფო უნივერსიტეტის მთავარი ბიბლიოთეკა წიგნსაცავი 2025-12-12 8.00 94(=353.1)(560) გ-97 73279 2025-12-12 73279 საჩუქარი საქართველოს ეროვნული ბიბლიოთეკისაგან 2025-12-12 წიგნი 8 ლ.